[Event "Riga Christmas"]
[Site "Riga"]
[Date "2023.12.08"]
[Round "6"]
[White "Prydun, Andriy"]
[Black "Vingris, Mikelis"]
[Result "0-1"]
[WhiteElo "2159"]
[BlackElo "2129"]
[PlyCount "72"]
[EventDate "2023.12.04"]
[EventType "tourn"]
[EventRounds "9"]
[EventCountry "LAT"]
[EventCategory "2"]
[SourceTitle "CB50_2023"]
[SourceDate "2023.12.13"]
[SourceVersion "1"]
[SourceVersionDate "2023.12.13"]
[SourceQuality "1"]

1. c4 c5 2. Nf3 Nc6 3. Nc3 g6 4. g3 Bg7 5. Bg2 e5 6. d3 Nge7 7. Ne4 0-0 8. Nd6 Qc7 9. Nxc8 Raxc8 10. h4 h6 11. Bd2 f5 12. Qc1 Kh7 13. Nh2 Nd4 14. g4 Ne6 15. h5 Nf4 16. Bf3 fxg4 17. Be4 Kg8 18. hxg6 h5 19. Nf1 Nexg6 20. e3 Nh3 21. Qd1 Nxf2 22. Bd5+ Kh7 23. Rxh5+ Bh6 24. Qc2 Kg7 25. Rh2 Bg5 26. Ng3 Bh4 27. e4 Nh3 28. 0-0-0 Bxg3 29. Rg2 Rf3 30. Qa4 Ngf4 31. Rxg3 Rxg3 32. Qxa7 Nxd5 33. exd5 b6 34. Qa6 Nf4 35. d6 Qc6 36. Bc3 Ne2+ 0-1

[Event "Titled Tuesday intern op 19th Sep Early"]
[Site "Chess.com INT"]
[Date "2023.09.19"]
[Round "3"]
[White "Prydun, Andriy"]
[Black "Pein, Jonathan"]
[Result "1-0"]
[WhiteElo "2159"]
[BlackElo "2261"]
[PlyCount "117"]
[EventDate "2023.09.19"]
[EventType "swiss (blitz)"]
[EventRounds "11"]
[EventCountry "USA"]
[SourceTitle "EXT 2024"]
[Source "ChessBase"]
[SourceDate "2023.10.10"]
[SourceVersion "1"]
[SourceVersionDate "2023.10.10"]
[SourceQuality "1"]

1. e4 e5 2. Nf3 d6 3. d4 exd4 4. Nxd4 Nf6 5. Bd3 g6 6. 0-0 Bg7 7. c3 0-0 8. Re1 Re8 9. Bg5 h6 10. Bh4 Nbd7 11. Nd2 Nc5 12. Bc2 a5 13. a3 Bd7 14. b4 Ne6 15. N2f3 Nxd4 16. cxd4 g5 17. Bg3 Bg4 18. Qd3 axb4 19. e5 dxe5 20. Nxe5 Be6 21. axb4 Rxa1 22. Rxa1 Bd5 23. Qf5 Qc8 24. h4 Qxf5 25. Bxf5 Ne4 26. Bxe4 Bxe4 27. hxg5 hxg5 28. Rc1 c6 29. Nc4 Bxd4 30. Nd6 Re7 31. Rc4 Bxf2+ 32. Kxf2 Bd3 33. Rd4 Ba6 34. Ne4 g4 35. Nf6+ Kg7 36. Nxg4 Re2+ 37. Kg1 Rc2 38. Ne3 Rc1+ 39. Kh2 Bb5 40. Nf5+ Kf6 41. Nd6 c5 42. Rf4+ Ke6 43. Nxb5 cxb4 44. Rxb4 Rc5 45. Nd4+ Kd5 46. Rxb7 f6 47. Nf3 Ke6 48. Rb6+ Kf5 49. Bh4 Kg6 50. Rxf6+ Kh5 51. Rf4 Rc1 52. g4+ Kg6 53. Rf6+ Kg7 54. g5 Rc2+ 55. Kg3 Rc3 56. Kg4 Rc7 57. Rf4 Rf7 58. Rxf7+ Kxf7 59. Kf5 1-0

[Event "Titled Tuesday intern op 22nd Aug Early"]
[Site "Chess.com INT"]
[Date "2023.08.22"]
[Round "3"]
[White "Prydun, Andriy"]
[Black "Berezin, Viktor1111"]
[Result "1/2-1/2"]
[WhiteElo "2134"]
[BlackElo "2307"]
[PlyCount "90"]
[EventDate "2023.08.22"]
[EventType "swiss (blitz)"]
[EventRounds "11"]
[EventCountry "USA"]
[SourceTitle "EXT 2024"]
[Source "ChessBase"]
[SourceDate "2023.10.10"]
[SourceVersion "1"]
[SourceVersionDate "2023.10.10"]
[SourceQuality "1"]

1. e4 c6 2. d4 d5 3. e5 Bf5 4. Bd3 Bxd3 5. cxd3 e6 6. Nc3 Qb6 7. Nf3 Qa6 8. 0-0 Ne7 9. Rb1 Nf5 10. b4 Qb6 11. Ne2 a5 12. Qa4 Na6 13. a3 axb4 14. axb4 Nc7 15. Qb3 Nb5 16. Be3 Be7 17. g4 Nxe3 18. fxe3 0-0 19. Nf4 Ra3 20. Qc2 Rfa8 21. Rb2 Rc3 22. Qg2 Raa3 23. Qf2 Qd8 24. g5 Qe8 25. Qg3 Rab3 26. Rxb3 Rxb3 27. h4 g6 28. h5 Nc3 29. Nh2 Qd8 30. Nf3 Rb2 31. Rf2 Rxf2 32. Kxf2 Nd1+ 33. Ke2 Nc3+ 34. Kf2 Bxb4 35. Nh2 Qa5 36. Ng4 Qa2+ 37. Kf3 Qb1 38. Nf6+ Kg7 39. hxg6 Qd1+ 40. Kg2 fxg6 41. Qh4 Qd2+ 42. Kf1 Qc1+ 43. Kg2 Qd2+ 44. Kf1 Qd1+ 45. Kg2 Qd2+ 1/2-1/2

[Event "Titled Tuesday intern op 22nd Aug Early"]
[Site "Chess.com INT"]
[Date "2023.08.22"]
[Round "2"]
[White "Prydun, Andriy"]
[Black "Bilan, Danila"]
[Result "0-1"]
[WhiteElo "2134"]
[BlackElo "2303"]
[PlyCount "98"]
[EventDate "2023.08.22"]
[EventType "swiss (blitz)"]
[EventRounds "11"]
[EventCountry "USA"]
[SourceTitle "EXT 2024"]
[Source "ChessBase"]
[SourceDate "2023.10.10"]
[SourceVersion "1"]
[SourceVersionDate "2023.10.10"]
[SourceQuality "1"]

1. e4 c6 2. d4 d5 3. e5 c5 4. b4 cxd4 5. Qxd4 Nc6 6. Qb2 Qc7 7. Nf3 Bg4 8. b5 Na5 9. Be3 Nc4 10. Bxc4 Qxc4 11. Nbd2 Qa4 12. Qc3 Qxb5 13. Nd4 Qd7 14. 0-0 e6 15. f3 Bh5 16. g4 Bg6 17. f4 Ne7 18. N2b3 Nc6 19. f5 exf5 20. gxf5 Bh5 21. e6 Qc7 22. Nb5 Qd8 23. f6 gxf6 24. exf7+ Bxf7 25. Rae1 Be7 26. Bc5 0-0 27. Rxe7 Nxe7 28. Qxf6 Ng6 29. Bd4 Qxf6 30. Rxf6 a6 31. Nd6 b5 32. Nc5 Rad8 33. Nxa6 Be8 34. Nf5 Rxf6 35. Bxf6 Ra8 36. Nc5 Kf7 37. Bd4 Rxa2 38. Nh6+ Ke7 39. c3 Bd7 40. Ng8+ Kd6 41. Nf6 Bh3 42. Nxh7 Rg2+ 43. Kh1 Re2 44. Kg1 Nh4 45. Ng5 Rg2+ 46. Kh1 Rxg5 47. c4 Rg2 48. Ne4+ dxe4 49. Bc5+ Kxc5 0-1

[Event "Riga Tech op-A"]
[Site "Riga"]
[Date "2023.08.10"]
[Round "6"]
[White "Tran, Thanh Tu"]
[Black "Prydun, Andriy"]
[Result "0-1"]
[WhiteElo "2413"]
[BlackElo "2134"]
[PlyCount "70"]
[EventDate "2023.08.07"]
[EventType "swiss"]
[EventRounds "9"]
[EventCountry "LAT"]
[SourceTitle "CBM 215 Extra"]
[Source "ChessBase"]
[SourceDate "2023.09.30"]
[SourceVersion "1"]
[SourceVersionDate "2023.09.30"]
[SourceQuality "1"]

1. d4 d5 2. Nc3 Nf6 3. Bf4 c5 4. e4 Nxe4 5. Nxe4 dxe4 6. dxc5 Qa5+ 7. c3 Qxc5 8. Qa4+ Nc6 9. Qxe4 Be6 10. Nf3 Bd5 11. Qa4 Bxf3 12. gxf3 e6 13. Be3 Qa5 14. Qb3 Qc7 15. 0-0-0 Be7 16. h4 Rd8 17. Rxd8+ Kxd8 18. Rg1 g6 19. Rg4 Kd7 20. Rf4 Ke8 21. Bb5 Kf8 22. Bxc6 bxc6 23. Ra4 a5 24. Bh6+ Kg8 25. Qc4 Bf8 26. Bxf8 Kxf8 27. Qc5+ Kg7 28. Rxa5 Qf4+ 29. Qe3 Qxh4 30. Rg5 Rd8 31. Rg1 Qa4 32. a3 Rd5 33. Qe4 Qb3 34. Qb4 Qa2 35. Kc2 Rb5 0-1

[Event "Riga Tech op-A"]
[Site "Riga"]
[Date "2023.08.09"]
[Round "4"]
[White "Sakalauskas, Vaidas"]
[Black "Prydun, Andriy"]
[Result "1-0"]
[WhiteElo "2352"]
[BlackElo "2134"]
[PlyCount "75"]
[EventDate "2023.08.07"]
[EventType "swiss"]
[EventRounds "9"]
[EventCountry "LAT"]
[SourceTitle "CBM 215 Extra"]
[Source "ChessBase"]
[SourceDate "2023.09.30"]
[SourceVersion "1"]
[SourceVersionDate "2023.09.30"]
[SourceQuality "1"]

1. d4 Nf6 2. c4 c5 3. d5 a6 4. a4 Ne4 5. a5 b5 6. axb6 Qxb6 7. Qc2 Qg6 8. e3 d6 9. Bd3 Bf5 10. g4 Qxg4 11. Nd2 Nxd2 12. Bxf5 Nf3+ 13. Kf1 Qh5 14. Qa4+ Kd8 15. Qa5+ Ke8 16. Bc2 Nh4 17. Qc7 Nd7 18. Rxa6 Rd8 19. Ba4 Qg4 20. Ra7 f6 21. h3 Qxc4+ 22. Ne2 Qxd5 23. e4 Qe6 24. Nf4 Qc4+ 25. Ne2 Qe6 26. Bc6 g5 27. Bd2 d5 28. Ba5 Qxe4 29. Qxd8+ Kf7 30. Rg1 Qb1+ 31. Be1 Ne5 32. Bxd5+ Kg7 33. Rxe7+ Bxe7 34. Qxe7+ Kg6 35. Nf4+ Kf5 36. Qe6+ Kxf4 37. Qxf6+ Qf5 38. Bd2# 1-0

[Event "Riga Tech op-A"]
[Site "Riga"]
[Date "2023.08.08"]
[Round "3"]
[White "Prydun, Andriy"]
[Black "Stremavicius, Pijus"]
[Result "1/2-1/2"]
[WhiteElo "2134"]
[BlackElo "2378"]
[PlyCount "171"]
[EventDate "2023.08.07"]
[EventType "swiss"]
[EventRounds "9"]
[EventCountry "LAT"]
[SourceTitle "CBM 215 Extra"]
[Source "ChessBase"]
[SourceDate "2023.09.30"]
[SourceVersion "1"]
[SourceVersionDate "2023.09.30"]
[SourceQuality "1"]

1. e4 c6 2. d4 d5 3. e5 Bf5 4. Bd3 Bxd3 5. cxd3 e6 6. Nc3 Ne7 7. Nf3 Nf5 8. h4 h5 9. Ne2 Qb6 10. Rb1 c5 11. b4 cxb4 12. Kf1 Nc6 13. g3 a5 14. Be3 a4 15. Kg2 Be7 16. Qd2 Kd7 17. Ne1 b3 18. axb3 axb3 19. Nc1 Ncxd4 20. Nc2 Bc5 21. Bxd4 Bxd4 22. Nxb3 Bxe5 23. d4 Bd6 24. Nc5+ Bxc5 25. Rxb6 Bxb6 26. Rb1 Bc7 27. Qe2 b6 28. Rc1 Bd6 29. Qb5+ Ke7 30. Nb4 Kf6 31. Rc6 Rhc8 32. Rxc8 Rxc8 33. Nc6 g6 34. Qxb6 Kg7 35. Qa6 Rc7 36. Kh3 Be7 37. Qb6 Rd7 38. Ne5 Rd8 39. Qb7 Rf8 40. Nc6 Bf6 41. Qa7 Re8 42. Kg2 Kf8 43. Kh3 Ne7 44. Nb8 Kg7 45. Nd7 Nf5 46. Nxf6 Kxf6 47. Qc7 Kg7 48. f3 Ra8 49. Qc3 Ra4 50. g4 hxg4+ 51. fxg4 Nxd4 52. Qg3 Rc4 53. h5 Nc6 54. Qf2 Ne5 55. g5 Rc3+ 56. Kg2 Nf3 57. Qa7 gxh5 58. Kf2 Rb3 59. Qe7 Nh4 60. Qf6+ Kg8 61. Qd8+ Kh7 62. Qf8 Rf3+ 63. Ke2 Rf5 64. Kd1 Ng6 65. Qh6+ Kg8 66. Qxh5 e5 67. Qg4 Rf4 68. Qd7 Kg7 69. Kc2 d4 70. Kd3 Rf3+ 71. Ke2 Rf4 72. Kd2 Nh4 73. Qd6 Ng6 74. Qd7 d3 75. Qd8 e4 76. Ke3 Rg4 77. Qd5 Nh4 78. Qd4+ Kh7 79. Qd7 Ng2+ 80. Kf2 e3+ 81. Kf3 Rxg5 82. Qxf7+ Kh6 83. Qf6+ Rg6 84. Qh8+ Kg5 85. Qe5+ Kh6 86. Qh8+ 1/2-1/2

[Event "Titled Tuesday intern op 08th Aug Late"]
[Site "Chess.com INT"]
[Date "2023.08.08"]
[Round "1"]
[White "Prydun, Andriy"]
[Black "Vaibhav, Jayant Raut"]
[Result "0-1"]
[WhiteElo "2134"]
[BlackElo "2147"]
[PlyCount "94"]
[EventDate "2023.08.08"]
[EventType "swiss (blitz)"]
[EventRounds "11"]
[EventCountry "USA"]
[SourceTitle "EXT 2024"]
[Source "ChessBase"]
[SourceDate "2023.10.10"]
[SourceVersion "1"]
[SourceVersionDate "2023.10.10"]
[SourceQuality "1"]

1. d3 d5 2. Nf3 Nc6 3. d4 Nf6 4. c4 dxc4 5. e3 a6 6. Bxc4 b5 7. Bd3 Bb7 8. a4 b4 9. b3 e6 10. Bb2 Bd6 11. Nbd2 0-0 12. Nc4 Ne7 13. Rc1 Bd5 14. Nce5 Ng6 15. 0-0 Bxe5 16. dxe5 Bxf3 17. gxf3 Nd5 18. f4 Qh4 19. Be4 Rad8 20. Qf3 Qh6 21. Rfd1 Nh4 22. Qg4 Ne7 23. Rxc7 Nef5 24. Rdd7 Ng6 25. Bxf5 exf5 26. Qxf5 Nh4 27. Qg4 Rxd7 28. Rxd7 Qc6 29. e6 Ng6 30. exf7+ Kh8 31. Rd1 Qc2 32. Bd4 Rxf7 33. Rf1 Qxb3 34. Qc8+ Rf8 35. Qxa6 Qd5 36. Qa7 Rg8 37. Qc5 Qe4 38. Qxb4 Nh4 39. f3 Nxf3+ 40. Kf2 Nxd4 41. Qxd4 Qc2+ 42. Kf3 Qxh2 43. Rf2 Qh5+ 44. Kg2 Qg4+ 45. Kh2 Rc8 46. Rg2 Qh4+ 47. Kg1 Rc1+ 0-1

[Event "Titled Tuesday intern op 01st Aug Early"]
[Site "Chess.com INT"]
[Date "2023.08.01"]
[Round "3"]
[White "Weetik, Vjacheslav"]
[Black "Prydun, Andriy"]
[Result "1-0"]
[WhiteElo "2423"]
[BlackElo "2134"]
[PlyCount "59"]
[EventDate "2023.08.01"]
[EventType "swiss (blitz)"]
[EventRounds "11"]
[EventCountry "USA"]
[SourceTitle "EXT 2024"]
[Source "ChessBase"]
[SourceDate "2023.10.10"]
[SourceVersion "1"]
[SourceVersionDate "2023.10.10"]
[SourceQuality "1"]

1. d4 Nf6 2. c4 e6 3. g3 d5 4. Nf3 Be7 5. Bg2 0-0 6. 0-0 Nbd7 7. Nc3 c6 8. Qd3 b6 9. e4 Ba6 10. b3 c5 11. e5 Ne8 12. Rd1 Nc7 13. Qc2 Rc8 14. dxc5 Bxc5 15. Ng5 g6 16. Bf4 Qe7 17. h4 dxc4 18. Nce4 cxb3 19. axb3 Bb5 20. Rxa7 Nd5 21. Rxd5 exd5 22. Nf6+ Kg7 23. Qd2 h6 24. Ngh7 g5 25. hxg5 Rfd8 26. gxh6+ Kh8 27. Ng5 Ra8 28. Nxd5 Qf8 29. Rxa8 Rxa8 30. Nc7 1-0

[Event "Titled Tuesday intern op 25th Jul Early"]
[Site "Chess.com INT"]
[Date "2023.07.25"]
[Round "2"]
[White "Prydun, Andriy"]
[Black "Chitlange, Sakshi"]
[Result "1-0"]
[WhiteElo "2134"]
[BlackElo "2250"]
[PlyCount "107"]
[EventDate "2023.07.25"]
[EventType "swiss (blitz)"]
[EventRounds "11"]
[EventCountry "USA"]
[SourceTitle "EXT 2024"]
[Source "ChessBase"]
[SourceDate "2023.10.10"]
[SourceVersion "1"]
[SourceVersionDate "2023.10.10"]
[SourceQuality "1"]

1. e4 c6 2. d4 d5 3. Nc3 dxe4 4. Nxe4 Nf6 5. Nc5 b6 6. Nb3 Bf5 7. Bd3 Bxd3 8. Qxd3 e6 9. a4 Nbd7 10. a5 Bd6 11. Ne2 0-0 12. Bf4 Bxf4 13. Nxf4 Qc7 14. Qg3 c5 15. 0-0 Rac8 16. c3 cxd4 17. Nxd4 Nc5 18. Nb5 Qd7 19. Na3 Rfd8 20. axb6 axb6 21. Nc4 Qb5 22. Ne5 Nb3 23. Nxe6 fxe6 24. c4 Qb4 25. Ra7 Ne8 26. Qf3 Qf8 27. Rf7 Qd6 28. Rb7 Nf6 29. Nf7 Qf8 30. Nxd8 Nc5 31. Nxe6 Nxe6 32. Rxb6 Nc5 33. Rb5 Ncd7 34. b3 Qe7 35. h3 Ne5 36. Qe2 Nfd7 37. Re1 Qf6 38. Rxe5 Nxe5 39. Qxe5 Qxe5 40. Rxe5 Rb8 41. Re3 Rb4 42. Rc3 Kf7 43. c5 Ke6 44. c6 Rb8 45. b4 Kd6 46. c7 Rc8 47. Kf1 Kd7 48. Ke2 Re8+ 49. Kd3 Kc8 50. b5 Re5 51. b6 Rb5 52. Rc6 Rb2 53. Ke4 Rxf2 54. b7+ 1-0

[Event "Titled Tuesday intern op 25th Jul Early"]
[Site "Chess.com INT"]
[Date "2023.07.25"]
[Round "5"]
[White "Schlecht, Daniel"]
[Black "Prydun, Andriy"]
[Result "1-0"]
[WhiteElo "2370"]
[BlackElo "2134"]
[PlyCount "65"]
[EventDate "2023.07.25"]
[EventType "swiss (blitz)"]
[EventRounds "11"]
[EventCountry "USA"]
[SourceTitle "EXT 2024"]
[Source "ChessBase"]
[SourceDate "2023.10.10"]
[SourceVersion "1"]
[SourceVersionDate "2023.10.10"]
[SourceQuality "1"]

1. d4 Nf6 2. Nf3 e6 3. Bf4 c5 4. e3 Nd5 5. Bg3 Qb6 6. Qc1 cxd4 7. exd4 Nc6 8. c3 d6 9. Bd3 Bd7 10. 0-0 0-0-0 11. a4 Be7 12. b4 f5 13. a5 Qc7 14. Na3 g5 15. h4 f4 16. Bh2 g4 17. Ne1 Bxh4 18. Bxf4 Rhg8 19. Nb5 Nxf4 20. Nxc7 Bg5 21. Qc2 Kxc7 22. b5 Ne7 23. b6+ Kb8 24. bxa7+ Ka8 25. a6 b6 26. Qb2 Bc6 27. Qxb6 Nh3+ 28. Kh2 Nxf2 29. Bb5 g3+ 30. Kg1 Be4 31. Nf3 Be3 32. Rfe1 Nf5 33. Bc6+ 1-0

[Event "Titled Tuesday intern op 25th Jul Early"]
[Site "Chess.com INT"]
[Date "2023.07.25"]
[Round "9"]
[White "Spichkin, Alexander"]
[Black "Prydun, Andriy"]
[Result "0-1"]
[WhiteElo "2052"]
[BlackElo "2134"]
[PlyCount "96"]
[EventDate "2023.07.25"]
[EventType "swiss (blitz)"]
[EventRounds "11"]
[EventCountry "USA"]
[SourceTitle "EXT 2024"]
[Source "ChessBase"]
[SourceDate "2023.10.10"]
[SourceVersion "1"]
[SourceVersionDate "2023.10.10"]
[SourceQuality "1"]

1. f4 c5 2. Nf3 Nc6 3. d3 b5 4. e4 b4 5. Be2 a5 6. 0-0 Ba6 7. Be3 d6 8. d4 Bxe2 9. Qxe2 cxd4 10. Nxd4 Qd7 11. Nd2 g6 12. Nc4 Bg7 13. Nb6 Nxd4 14. Qd3 Qb5 15. Qxb5+ Nxb5 16. Nxa8 Bxb2 17. Rab1 Bg7 18. Nc7+ Nxc7 19. Bb6 Kd7 20. Bxa5 Bd4+ 21. Kh1 Nf6 22. Bxb4 Nxe4 23. c3 Nf2+ 24. Rxf2 Bxf2 25. a4 Bc5 26. a5 Bxb4 27. cxb4 Nb5 28. Rc1 Rc8 29. Rf1 Rc4 30. Rb1 Rxf4 31. g3 Rc4 32. a6 Kc7 33. Ra1 Kb6 34. a7 Nxa7 35. Re1 e5 36. Rd1 Nb5 37. Rf1 f5 38. Kg2 Rd4 39. Rc1 Rxb4 40. Rc8 Rb2+ 41. Kh3 Nd4 42. Rh8 Nf3 43. g4 f4 44. g5 Rxh2+ 45. Kg4 Nd4 46. Rd8 Rg2+ 47. Kh3 Rg3+ 48. Kh4 Nf3# 0-1

[Event "Titled Tuesday intern op 18th Jul Early"]
[Site "Chess.com INT"]
[Date "2023.07.18"]
[Round "5"]
[White "Prydun, Andriy"]
[Black "Floresvillar Gonzalez, Luis Miguel"]
[Result "1/2-1/2"]
[WhiteElo "2134"]
[BlackElo "2019"]
[PlyCount "122"]
[EventDate "2023.07.18"]
[EventType "swiss (blitz)"]
[EventRounds "11"]
[EventCountry "USA"]
[SourceTitle "EXT 2024"]
[Source "ChessBase"]
[SourceDate "2023.10.10"]
[SourceVersion "1"]
[SourceVersionDate "2023.10.10"]
[SourceQuality "1"]

1. d4 d5 2. Nf3 Bf5 3. c3 e6 4. Ne5 Nd7 5. Nd3 Ngf6 6. Bf4 c5 7. Nd2 c4 8. Ne5 Nxe5 9. Bxe5 Bd6 10. Bxd6 Qxd6 11. g3 0-0 12. Bg2 b5 13. a3 a5 14. 0-0 h6 15. Re1 b4 16. axb4 axb4 17. Rxa8 Rxa8 18. Nxc4 Qc7 19. Ne3 bxc3 20. Nxf5 exf5 21. Qc2 Rc8 22. bxc3 g6 23. Rc1 Ne4 24. e3 Nxc3 25. Kh1 Nb5 26. Qxc7 Rxc7 27. Rxc7 Nxc7 28. h4 f6 29. Kg1 Kf7 30. Kf1 g5 31. Ke2 Ke6 32. f4 Kd6 33. Bh3 Ke6 34. fxg5 fxg5 35. hxg5 hxg5 36. g4 fxg4 37. Bxg4+ Kf6 38. Kf3 Ne6 39. Kg3 Nc7 40. Bf3 Kf5 41. Bg2 Kf6 42. Kg4 Kg6 43. Bf3 Kf6 44. Bg2 Kg6 45. Bh1 Kf6 46. Bf3 Kg6 47. Be2 Kf6 48. Bd3 Ne6 49. Bc2 Nc7 50. Bb3 Kg6 51. Ba4 Kf6 52. Bd7 Na6 53. Bc6 Nb4 54. Bb7 Kg6 55. Bc8 Kf6 56. Bf5 Na2 57. Bd3 Nc3 58. Bc2 Ne2 59. Bd3 Nc3 60. Bc2 Ne2 61. Bd3 Nc3 1/2-1/2

[Event "Titled Tuesday intern op 18th Jul Late"]
[Site "Chess.com INT"]
[Date "2023.07.18"]
[Round "8"]
[White "Prydun, Andriy"]
[Black "Herman, Daniel"]
[Result "0-1"]
[WhiteElo "2134"]
[BlackElo "1928"]
[PlyCount "80"]
[EventDate "2023.07.18"]
[EventType "swiss (blitz)"]
[EventRounds "11"]
[EventCountry "USA"]
[SourceTitle "EXT 2024"]
[Source "ChessBase"]
[SourceDate "2023.10.10"]
[SourceVersion "1"]
[SourceVersionDate "2023.10.10"]
[SourceQuality "1"]

1. d4 Nf6 2. Nd2 d5 3. Ngf3 e6 4. Nb3 a5 5. a4 Nc6 6. Bg5 h6 7. Bh4 g5 8. Bg3 Ne4 9. Nfd2 Nxg3 10. hxg3 Bg7 11. c3 e5 12. e3 0-0 13. Bb5 e4 14. c4 Nb4 15. cxd5 Bf5 16. Rc1 Nd3+ 17. Bxd3 exd3 18. Qf3 Bg6 19. e4 Re8 20. Kf1 Ra6 21. Qxd3 Rb6 22. f3 Qxd5 23. Rxc7 Qd6 24. Rc5 Qxg3 25. Rxa5 Rbe6 26. Nc5 R6e7 27. Rb5 f5 28. Rxb7 Rxb7 29. Nxb7 fxe4 30. Qb3+ Bf7 31. Qc2 e3 32. Ne4 Qb8 33. Ned6 e2+ 34. Ke1 Re7 35. Nxf7 Qxb7 36. Nd6 Qb4+ 37. Qc3 Qxd6 38. b4 Bxd4 39. Qc4+ Kg7 40. Rh3 Bf6 0-1

[Event "Titled Tuesday intern op 18th Jul Early"]
[Site "Chess.com INT"]
[Date "2023.07.18"]
[Round "7"]
[White "Spichkin, Alexander"]
[Black "Prydun, Andriy"]
[Result "1-0"]
[WhiteElo "2052"]
[BlackElo "2134"]
[PlyCount "95"]
[EventDate "2023.07.18"]
[EventType "swiss (blitz)"]
[EventRounds "11"]
[EventCountry "USA"]
[SourceTitle "EXT 2024"]
[Source "ChessBase"]
[SourceDate "2023.10.10"]
[SourceVersion "1"]
[SourceVersionDate "2023.10.10"]
[SourceQuality "1"]

1. f4 c5 2. Nf3 Nc6 3. e3 d5 4. Be2 Bg4 5. 0-0 Nf6 6. h3 Bxf3 7. Bxf3 e6 8. b3 Bd6 9. Bb2 Ne7 10. d3 h5 11. Nd2 Nf5 12. Qe2 Ng3 13. Qf2 Nxf1 14. Rxf1 h4 15. e4 dxe4 16. dxe4 Be7 17. Nc4 Qc7 18. e5 Nd5 19. Bxd5 exd5 20. f5 dxc4 21. f6 0-0-0 22. fxe7 Qxe7 23. Qxf7 Qxf7 24. Rxf7 cxb3 25. axb3 Rd2 26. e6 Re8 27. e7 Kd7 28. Rxg7 Rxe7 29. Rg5 Rxc2 30. Bf6 Ree2 31. Rg7+ Kc6 32. Bxh4 Rb2 33. Bd8 Rxb3 34. h4 Re4 35. h5 Rd3 36. Bg5 Rg4 37. h6 Rdg3 38. h7 Rxg2+ 39. Kf1 Rg1+ 40. Kf2 R1g2+ 41. Kf3 R2g3+ 42. Ke2 Rg2+ 43. Kd3 R2g3+ 44. Be3 Rxg7 45. h8Q Rd7+ 46. Ke2 Re7 47. Qc8+ Kb5 48. Qxc5+ 1-0

[Event "Titled Tuesday intern op 11th Jul Late"]
[Site "Chess.com INT"]
[Date "2023.07.11"]
[Round "8"]
[White "Prydun, Andriy"]
[Black "Bazzano, Sebastian"]
[Result "1-0"]
[WhiteElo "2134"]
[BlackElo "2288"]
[PlyCount "73"]
[EventDate "2023.07.11"]
[EventType "swiss (blitz)"]
[EventRounds "11"]
[EventCountry "USA"]
[SourceTitle "EXT 2024"]
[Source "ChessBase"]
[SourceDate "2023.10.10"]
[SourceVersion "1"]
[SourceVersionDate "2023.10.10"]
[SourceQuality "1"]

1. d4 Nf6 2. Nd2 d5 3. Ngf3 g6 4. Ne5 Bg7 5. Nd3 0-0 6. Nf3 b6 7. c3 Bb7 8. h3 Nbd7 9. Be3 Ne4 10. Nd2 c5 11. dxc5 bxc5 12. Nxe4 dxe4 13. Nxc5 Nxc5 14. Bxc5 Qc7 15. Be3 Rad8 16. Qc1 f5 17. Bf4 e5 18. Bh2 Qb6 19. e3 f4 20. Bc4+ Kh8 21. 0-0 f3 22. g4 Qf6 23. Bg3 h5 24. Rd1 hxg4 25. h4 g5 26. h5 Rxd1+ 27. Qxd1 Qh6 28. Qd7 Bc8 29. Qxa7 Qxh5 30. Qc7 Bf5 31. a4 Rf6 32. Qd8+ Rf8 33. Qd6 Qe8 34. a5 Qd8 35. Qxd8 Rxd8 36. a6 Ra8 37. a7 1-0

[Event "Titled Tuesday intern op 04th Jul Late"]
[Site "Chess.com INT"]
[Date "2023.07.04"]
[Round "4"]
[White "Curtis, John"]
[Black "Prydun, Andriy"]
[Result "1-0"]
[WhiteElo "2292"]
[BlackElo "2134"]
[PlyCount "103"]
[EventDate "2023.07.04"]
[EventType "swiss (blitz)"]
[EventRounds "11"]
[EventCountry "USA"]
[SourceTitle "EXT 2024"]
[Source "ChessBase"]
[SourceDate "2023.10.10"]
[SourceVersion "1"]
[SourceVersionDate "2023.10.10"]
[SourceQuality "1"]

1. c4 Nf6 2. Nc3 c5 3. Nf3 g6 4. g3 Bg7 5. Bg2 Ng4 6. h3 Ne5 7. Nxe5 Bxe5 8. 0-0 Nc6 9. d3 h5 10. h4 d6 11. Bg5 Be6 12. Qd2 Rb8 13. a3 Nd4 14. Rab1 b5 15. cxb5 Nxb5 16. Nxb5 Rxb5 17. b4 cxb4 18. Bc6+ Bd7 19. Bxb5 Bxb5 20. Qxb4 Bc6 21. Qb8 0-0 22. Qxd8 Rxd8 23. Bxe7 Rd7 24. Bg5 f6 25. Be3 d5 26. Rfc1 d4 27. Bxd4 Bxd4 28. Rxc6 Kf7 29. e3 Bb6 30. Rbxb6 axb6 31. d4 Ra7 32. Rxb6 Rxa3 33. Kg2 Ra5 34. Rb2 g5 35. hxg5 Rxg5 36. Kh3 Ke7 37. f4 Ra5 38. Kg2 Ke6 39. Rb6+ Kf7 40. Kf3 Ra3 41. Ke4 Kg7 42. d5 Kf7 43. Rb7+ Kg6 44. d6 Ra1 45. Rb4 Kf7 46. f5 Ke8 47. Kd5 Re1 48. e4 Kf7 49. Rb7+ Kg8 50. Ke6 Rd1 51. d7 h4 52. gxh4 1-0

[Event "Titled Tuesday intern op 04th Jul Late"]
[Site "Chess.com INT"]
[Date "2023.07.04"]
[Round "7"]
[White "Rodriguez Santiago, Jaime"]
[Black "Prydun, Andriy"]
[Result "1-0"]
[WhiteElo "2020"]
[BlackElo "2134"]
[PlyCount "51"]
[EventDate "2023.07.04"]
[EventType "swiss (blitz)"]
[EventRounds "11"]
[EventCountry "USA"]
[SourceTitle "EXT 2024"]
[Source "ChessBase"]
[SourceDate "2023.10.10"]
[SourceVersion "1"]
[SourceVersionDate "2023.10.10"]
[SourceQuality "1"]

1. c4 Nf6 2. Nc3 e5 3. g3 h5 4. h3 h4 5. g4 Nh7 6. Bg2 Ng5 7. d3 Ne6 8. e3 c5 9. Nge2 Nc6 10. 0-0 Bd6 11. Ne4 Bc7 12. b3 g6 13. f4 f5 14. gxf5 gxf5 15. N4c3 exf4 16. Nd5 Be5 17. d4 Bg7 18. Nexf4 cxd4 19. Ng6 Rh6 20. exd4 Bxd4+ 21. Kh1 Bxa1 22. Bxh6 Bd4 23. Qh5 Ng7 24. Bxg7 Bxg7 25. Ne5+ Kf8 26. Qf7# 1-0